Países más ricos por ingreso per cápita - Estadísticas

Estadísticas generales
  • Esta prueba ha sido intentada 5.886 veces
    2.168 desde el último reinicio
  • La puntuación promedio es 14 de 20
Estadísticas de respuestas
Ingreso País % Correcto
$85 000 Estados Unidos
93%
$92 000 Suiza
88%
$203 000 Mónaco
85%
$144 000 Luxemburgo
83%
$69 000 Suecia
83%
$83 000 Noruega
82%
$97 000 Emiratos Árabes Unidos
77%
$112 000 Catar
75%
$134 000 Liechtenstein
75%
$78 000 Dinamarca
71%
$70 000 Arabia Saudita
69%
$74 000 Países Bajos
67%
$134 000 Singapur
67%
$87 000 San Marino
66%
$69 000 Austria
62%
$134 000 Irlanda
61%
$74 000 Islandia
61%
$77 000 Taiwán
44%
$78 000 Brunéi
42%
$80 000 Guyana
16%
No se encontraron pruebas coincidentes
Distribución de puntuación
Porcentaje de gente con cada puntuación
Porcentaje por número respondido
Historial de tus puntuaciones
No has intentado esta prueba desde el último reinicio